<?xml version="1.0" encoding="UTF-8"?>
<collection xmlns="http://www.loc.gov/MARC21/slim">
  <record>
    <leader>00000nam  2200000   4500</leader>
    <controlfield tag="001">INLIS000000000005184</controlfield>
    <controlfield tag="005">20240205014219</controlfield>
    <datafield tag="035" ind1="#" ind2="#">
      <subfield code="a">0010-0419000144</subfield>
    </datafield>
    <controlfield tag="007">ta</controlfield>
    <controlfield tag="008">240205################g##########0#ind##</controlfield>
    <datafield tag="082" ind1="#" ind2="#">
      <subfield code="a">350</subfield>
    </datafield>
    <datafield tag="084" ind1="#" ind2="#">
      <subfield code="a">350  Mus d</subfield>
    </datafield>
    <datafield tag="100" ind1="#" ind2="#">
      <subfield code="a">Lembaga Administrasi Negara</subfield>
    </datafield>
    <datafield tag="245" ind1="1" ind2="#">
      <subfield code="a">Dimensi-Dimensi Pokok Sistem Administrasi Negara Kesatuan Republik Indonesia :</subfield>
      <subfield code="b">Overview Buku I SANKRI: Prinsip-Prinsip Penyelenggaraan Negara /</subfield>
      <subfield code="c">Mustopadidjaja AR</subfield>
    </datafield>
    <datafield tag="260" ind1="#" ind2="#">
      <subfield code="a">Jakarta :</subfield>
      <subfield code="b">Lembaga Administrasi Negara,</subfield>
      <subfield code="c">2002</subfield>
    </datafield>
    <datafield tag="300" ind1="#" ind2="#">
      <subfield code="a">iii, 37 hal. ;</subfield>
      <subfield code="c">21 cm.</subfield>
    </datafield>
    <datafield tag="650" ind1="#" ind2="4">
      <subfield code="a">Sistem Administrasi Negara</subfield>
    </datafield>
    <datafield tag="520" ind1="#" ind2="#">
      <subfield code="a">Administrasi Negara adalah administrasi mengenai negara dalam keseluruhan arti, unsur, fenomena dan dinamikanya  dalam mengemban perannya sebagai wahana perjuangan bangsa dalam mewujudkan cita-cita dan tujuan bernegara. Sistem administrasi negara setiap negara bangsa dibangun berdasarkan dan merupakan  penjabaran dari konstitusi negara bersangkutan, demikian juga Indonesia. Sistem Administrasi Negara  Kesatuan Republik Indonesia (SANKRI) dibangun atas dasar UUD 1945. Pada Pembukaan UUD 1945 terkandung dimensi-dimensi nilai SANKRI terdiri dari dimensi spiritual berupa pengakuan terhadap  eksistensi  dan rahmat Allah YMK dalam perjuangan bangsa, dimensi kultural berupa dasar negara, dan dimensi  institusional berupa cita-cita dan tujuan bernegara, bentuk negara, dan sistem penyelenggaraan pemerintahan negara, yang mengandung dan memanifestikan  nilai-nilai kemanusiaan dan peradaban yang luhur dan universal. &#13;
Penempatan nilai- nilai  tersebut  dalam konstitusi negara menjadikannya  sebagai nilai-nilai kebangsaan  dan perjuangan bangsa, dan mengimperasikan kepada  para penyelenggara negara, aparatur negara  dan warga negara, untuk senantiasa memperhatikan  dan mengaktualisasikannya secara konsisten dalam kehidupan bermasyarakat, berbangsa dan bernegara.  Peran dan tanggung jawab  seluruh unsur aparatur negara adalah mengaktualisasikan  dan mewujudkan dimensi-dimensi nilai SANKRI tersebut dalam penyelenggaraan negara dan pembangunan bangsa, membumikannya dalam kehidupan nyata. Tanggung jawab tersebut akan dapat diemban  secara arif, efektif, dan produktif apabila SDM aparatur negara  memiliki komitmen dan kompetensi yang mantap, dibuktikan dengan karya dan kinerja nyata dalam mewujudkan tujuan bangsa bernegara, menurut posisi, peran, dan tanggung jawab masing-masing</subfield>
    </datafield>
    <datafield tag="856" ind1="#" ind2="#">
      <subfield code="a">Perpustakaan Lembaga Administrasi Negara RI.</subfield>
    </datafield>
    <datafield tag="990" ind1="#" ind2="#">
      <subfield code="a">090312362</subfield>
    </datafield>
    <datafield tag="990" ind1="#" ind2="#">
      <subfield code="a">09010948</subfield>
    </datafield>
    <datafield tag="990" ind1="#" ind2="#">
      <subfield code="a">08040704</subfield>
    </datafield>
  </record>
</collection>
